| 000 | 01128nam0a22002891 4500 | ||
|---|---|---|---|
| 001 | rc\3133020 | ||
| 005 | 20120615095834.5 | ||
| 035 | _a(NLR Aleph) 007286300 | ||
| 090 |
_a5562527 _c5562526 |
||
| 100 | _a20120615d1975 |||y0rusy50 ca | ||
| 101 | 0 | _arus | |
| 102 | _aRU | ||
| 105 | _ay z ||||| | ||
| 200 | 1 |
_aРуководство для прокуроров по общему надзору _eМетод. пособие _fПод общ. ред. гос. советника юстиции I кл. Малярова М.П. _gПрокуратура СССР. Метод. совет |
|
| 210 |
_aМосква _cЮрид. лит. _d1975 |
||
| 215 |
_a208 с. _d21 |
||
| 300 | _aНа обороте тит. л. авт.: И.В. Черменский, С.И. Аснис, И.И. Байдаков [и др.] | ||
| 333 | _aДСП. Экз. № 10492 | ||
| 701 | 1 |
_aЧерменский _bИ. В. |
|
| 701 | 1 |
_aАснис _bС. И. |
|
| 701 | 1 |
_aБайдаков _bИ. И. |
|
| 702 | 1 |
_aМаляров _bМ. П. _4340 |
|
| 801 | 0 |
_aRU _bNLR _gpsbo |
|
| 801 | 1 |
_aRU _bELAR _2rusmarc |
|
| 852 |
_aNLR _j75-50К/5163 |
||
| 942 | _cBOOK | ||
| 980 | _aNB | ||